01194naa#a2200229#i#4500001001600000005001700016011001400033100004100047101000800088102000700096200016500103210010500268215001100373608004500384675021400429700005200643700006400695700006600759700006200825700005600887856002100943RU\\bibl\12665420260701130334.3##a2074-9414##a20260630b2026####ek#y0rusy0150####ca0#aRUS##aRU1#aВлияние растительных полуфабрикатов и добавок на качество напитковeЖурнальная статья1#aКемеровоcКемеровский государственный университетd2026##a20 с.##aЖурнальная статья2local##aХимическая технология. Химическая промышленность. Пищевая промышленность. Металлургия. Родственные отрасли. 66zRUS#1aГолубgОльга Валентиновна#1aЗахаренкоgАлександр Михайлович#1aМотовиловаgНаталья Владимировна#1aМотовиловgОлег Константинович#1aГолохвастgКирилл Сергеевич4#ajcenter.kemsu.ru